| 000 | 01029cam a22002411i 4500 | ||
|---|---|---|---|
| 003 | SA-RiAUC | ||
| 005 | 20241217142611.0 | ||
| 008 | 241019q19001999||| g 000 0 ara c | ||
| 040 |
_aEG-CaDAJ _bara _cSA-RiAUC _erda |
||
| 082 | 0 | 4 | _a258.3 |
| 090 |
_a ن 258.3 غ ز ا _b غ ز ا |
||
| 100 | 1 |
_aالغزالي، محمد بن محمد بن محمد، _cحجة الإسلام، _d450-505 هجري _eمؤلف. |
|
| 245 | 1 | 2 |
_aالوجيز في فقه مذهب الإمام الشافعي / _cأبو حامد الغزالي. |
| 264 | 1 |
_a[مكان النشر غير محدد] : _b[الناشر غير محدد]، _c[بين 1900 و1999] |
|
| 264 | 3 |
_a[مكان الطبع غير محدد] : _bمطبعة حوش قدم الغورية |
|
| 300 |
_a2 مجلد؛ _c24 سم. |
||
| 336 |
_aنص _btxt _2rdacontent _3كتاب |
||
| 337 |
_aبدون وسيط _bn _2rdamedia |
||
| 338 |
_aمجلد _bnc _2rdacarrier |
||
| 650 | 7 |
_aالفقه الشافعي _2aucsh |
|
| 942 |
_2ddc _cRARE BOOK _n0 |
||
| 949 |
_aSA-JeALM _d241019 _umohamedma123 _n1 |
||
| 999 |
_c3613 _d3613 |
||